000 00504nam a22001577a 4500
003 SISC
005 20160616105328.0
008 160611b xxu||||| |||| 00| 0 eng d
020 _a9789719801313
050 _aBX 1754.5 M266 2014
_b20191
245 _aCelebrating the catholic faith 6 /
_cAnna Y. Manalastas.
260 _aQuezon City :
_bC & E Publishing,
_cc2014
300 _axiv, 207 p. :
_bcol. ill. ;
_c26 cm.
650 _aCatholic church -- Doctrines -- Juvenile literature.
942 _2lcc
_cBK
999 _c295941
_d295941